Persepsi pelajar terhadap masalah vandalisme di sebuah sekolah menengah persendirian Cina, Kuala Lumpur /
Saved in:
| Main Author: | |
|---|---|
| Format: | Thesis Book |
| Language: | Malay |
| Published: |
2002.
|
| Tags: |
Add Tag
No Tags, Be the first to tag this record!
|
| LEADER | 00957cam a2200229 i 4500 | ||
|---|---|---|---|
| 001 | u1127230 | ||
| 003 | SIRSI | ||
| 005 | 201911251325 | ||
| 008 | 191125s2002 my a m 000 0 may | ||
| 040 | |a UMD |e rda | ||
| 100 | 1 | |a Beh, Boi Chin., |e author. | |
| 245 | 1 | 0 | |a Persepsi pelajar terhadap masalah vandalisme di sebuah sekolah menengah persendirian Cina, Kuala Lumpur / |c Beh Boi Chin. |
| 264 | 1 | |c 2002. | |
| 300 | |a xi, 70 leaves : |b illustrations ; |c 30cm | ||
| 502 | |b M.Ed.E.P. |c Jabatan Psikologi dan Kaunseling, Fakulti Pendidikan, Universiti Malaya |d 2002. | ||
| 504 | |a Bibliography: leaves 64-65. | ||
| 710 | 2 | |a Universiti Malaya. |b Jabatan Psikologi dan Kaunseling, |e degree granting institution. | |
| 336 | |a text$2rdacontent | ||
| 337 | |a unmediated$2rdamedia | ||
| 338 | |a volume$2rdacarrier | ||
| 596 | |a 8 | ||
| 999 | |a LB7 A8 UM 2002 BEH |w LC |c 1 |i A517321895 |d 26/11/2021 |e 26/11/2021 |f 23/8/2022 |g 1 |l STACKS |m P08PENDIDI |n 1 |r Y |s Y |t TESIS |u 9/3/2021 |1 AHSS |o .CIRCNOTE. | ||
